LEADER 00886nam a2200241 i 4500 001 000000038066 003 CaOOAMICUS 005 20120913000000.0 008 120913s1990 it u000 u ita u 013 $a8471 040 $aSeMil$bita 100 1 $aAmelli, Cesare.$0(OLS)http://semarc/name/18240 245 12$aI tempi e le potenze :$bil castello di Melegnano... /$cCesare Amelli. 250 $a2. ed. 260 $aMelegnano :$b[s.n.],$c1990. 300 $a86, VII p. :$bill. ;$c24 cm. 500 $aCon dedica. 650 4$aMelegnano.$0(OLS)http://semarc/subject/7691 850 $aSeMil 852 $aSeMil$W1$xVenegono$y1$m3P II 184$j4221$B4221$CSeMilBibl$Z2$F4221 $81 961 $aOmaggio: Donazione 996 $6245$aI tempi e le potenze :$bil castello di Melegnano...$9(OLS)http://semarc/title/53592 996 $6260$aMelegnano :$b[s.n.]$9(OLS)http://semarc/publisher/37275 LEADER 01031nam a2200277 i 4500 001 000000038662 003 CaOOAMICUS 005 20090406000000.0 008 090406s1979 it u000 u ita u 013 $a9260 040 $aSeMil$bita 100 1 $aFranzen, August <1912-1972>.$0(OLS)http://semarc/name/18577 240 10$aKleine Kirchengeschichte.$0(OLS)http://semarc/title/54671 245 10$aBreve storia della chiesa /$cAugust Franzen. 250 $a3. edizione. 260 $aBrescia :$bQueriniana,$c1979. 300 $a437 p. ;$c24 cm. 490 0 $aStrumenti ;$v8 500 $aContiene : Bibliografia. 650 4$aChiesa - Storia.$0(OLS)http://semarc/subject/8 830 0$aStrumenti ;$v8.$0(OLS)http://semarc/title/6054 850 $aSeMil 852 $aSeMil$W1$xVenegono$y1$m3A III 136$j4817$B4817$CSeMilBibl$Z2$F4817 $81 961 $aOmaggio: Donazione 996 $6245$aBreve storia della chiesa$9(OLS)http://semarc/title/54670 996 $6260$aBrescia :$bQueriniana$9(OLS)http://semarc/publisher/29615